|
|
|
|
| LEADER |
00987nam a2200229 a 4500 |
| 001 |
GR-MES15500 |
| 008 |
100122s xxk b 001 0 eng d |
| 020 |
|
|
|a 9781405139
|
| 040 |
|
|
|a GrPaTEI
|b gre
|c GR-PaULI
|
| 040 |
|
|
|a GrPaTEI
|b gre
|c GR-PaULI
|
| 082 |
|
0 |
|a 338.372 7
|2 22
|
| 245 |
0 |
0 |
|a Fisheries management :
|b Progress towards sustainability ; edited by Tim R. McClanahan ; Juan Carlos Castilla.
|
| 260 |
|
|
|a Oxford :
|b Blackwell Pub.,
|c c2007
|
| 300 |
|
|
|a xix, 332 σ. :
|b εικ., χάρτες ;
|c 25 εκ.
|
| 504 |
|
|
|a Περιλαμβάνει βιβλιογραφίες και ευρετήριο.
|
| 650 |
|
0 |
|a Fishery management
|
| 700 |
1 |
|
|a Castilla, Juan Carlos
|
| 700 |
1 |
|
|a McClanahan, Tim R.
|
| 942 |
|
|
|2 ddc
|
| 952 |
|
|
|0 0
|1 0
|2 ddc
|4 0
|6 338_372000000000000_7_MCC
|7 0
|9 273314
|a MSLG
|b MSLG
|c BSC
|d 2021-01-17
|e 24
|f 0
|g 0.00
|l 0
|o 338.372 7 MCC
|p 2420000024679
|r 2021-01-17 00:00:00
|t 1
|w 2021-01-17
|y BK15
|x 20100122 0 1
|x GrPaTEI
|
| 971 |
|
|
|a .b25815490
|b 15-04-20
|c 13-09-16
|
| 999 |
|
|
|c 158251
|d 158251
|